Movies Quiz

Random Movies or Actress Quiz
Score 0/77 Timer 03:00
3 Plays Today
Letter Actresses % Correct
BBancroft
98.7%
BBerry
98.7%
BBates
98.7%
BBergman (2)
98.7%
BBlanchett
98.7%
BBooth
98.7%
BBullock
98.7%
BBurstyn
98.7%
FFoster (2)
97.6%
FField (2)
97.6%
FFletcher
97.6%
FFonda (2)
97.6%
FFontaine
97.6%
HHayes
97.6%
HHayward
97.6%
HHepburn
97.6%
HHepburn (4)
97.6%
HHolliday
97.6%
HHunt
97.6%
HHunter
97.6%
SSarandon
97.5%
SShearer
97.5%
SSignoret
97.5%
SSmith
97.5%
SSpacek
97.5%
SStone
97.5%
SStreep (2)
97.5%
SStreisand
97.5%
SSwank (2)
97.5%
KKelly
97.4%
KKeaton
97.4%
KKidman
97.4%
LLange
97.3%
LLarson
97.3%
LLawrence
97.3%
LLeigh (2)
97.3%
LLoren
97.3%
PPaltrow
97.3%
PPage
97.3%
Letter Actresses % Correct
PPickford
97.3%
PPortman
97.3%
TTandy
96.4%
TTaylor (2)
96.4%
TTheron
96.4%
TThompson
96.4%
MMacLaine
95.7%
MMagnani
95.7%
MMatlin
95.7%
MMcDormand (2)
95.7%
MMinnelli
95.7%
MMirren
95.7%
MMoore
95.7%
WWinslet
95.5%
WWitherspoon
95.5%
WWoodward
95.5%
WWyman
95.5%
AAndrews
95.1%
DDavis (2)
94.9%
Dde Havilland (2)
94.9%
DDressler
94.9%
DDunaway
94.9%
RRainer (2)
93.8%
RRoberts
93.8%
RRogers
93.8%
CCher
93.3%
CChristie
93.3%
CColbert
93.3%
CCotillard
93.3%
CCrawford
93.3%
CColman
91.3%
JJackson (2)
83.7%
JJones
83.7%
ZZellweger
80.7%
YYoung
71.6%
GGarson
54%
GGaynor
54%
NNeal
53.2%
Remove Ads.
Support Sporcle.
Get the best of Sporcle when you Go Orange. This ad-free experience offers more features, more stats, and more fun while also helping to support Sporcle. Thank you for becoming a member.

You're not logged in!

Compare scores with friends on all Sporcle quizzes.
OR
Log In

Show Comments

Extras

Top Quizzes Today


Score Distribution

Your Account Isn't Verified!

In order to create a playlist on Sporcle, you need to verify the email address you used during registration. Go to your Sporcle Settings to finish the process.

Report this User

Report this user for behavior that violates our Community Guidelines.

Details: